[Event "Izmir Arena IM 13"]
[Site "Izmir"]
[Date "2025.03.20"]
[Round "8"]
[White "Fedosov, Alexander"]
[Black "Gagic, Milan A"]
[Result "1-0"]
[WhiteElo "2109"]
[BlackElo "2309"]
[PlyCount "107"]
[EventDate "2025.03.16"]
[EventType "tourn"]
[EventRounds "9"]
[EventCountry "TUR"]
[SourceTitle "CB13_2025"]
[SourceDate "2025.03.26"]
[SourceVersion "1"]
[SourceVersionDate "2025.03.26"]
[SourceQuality "1"]

1. d4 Nf6 2. c4 e6 3. Nf3 d5 4. g3 Bb4+ 5. Bd2 a5 6. a3 Bd6 7. Bg2 c6 8. Qc2 0-0 9. 0-0 Nbd7 10. Bg5 h6 11. Bxf6 Nxf6 12. Nbd2 a4 13. e4 Be7 14. e5 Nd7 15. Rfd1 c5 16. cxd5 exd5 17. dxc5 Nxc5 18. Nd4 Bg4 19. N2f3 Rc8 20. Qe2 Qb6 21. h3 Be6 22. Rac1 Nb3 23. Nxb3 axb3 24. Ne1 Rc4 25. Ra1 Rfc8 26. Kh2 Rc2 27. Rd2 Qd4 28. Nxc2 Qxb2 29. Nd4 Qxa1 30. Nxb3 Qxa3 31. Nd4 Qa4 32. f4 Bb4 33. Rd1 Re8 34. f5 Bc8 35. e6 fxe6 36. Nxe6 Bxe6 37. fxe6 Bd6 38. Rxd5 Qa3 39. Rd3 Qb4 40. Qh5 Rf8 41. Qd5 Be7 42. Rb3 Qd6 43. Qxb7 Kh7 44. Qe4+ g6 45. Rd3 Qc5 46. Rd7 Rf6 47. Qd5 Qa3 48. Qe5 Kg7 49. h4 h5 50. Qd5 Qb4 51. Rb7 Qa3 52. Qd7 Kf8 53. Rb8+ Kg7 54. Re8 1-0

[Event "Izmir Arena IM 13"]
[Site "Izmir"]
[Date "2025.03.16"]
[Round "1"]
[White "Fedosov, Alexander"]
[Black "Schekachikhin, Maksim"]
[Result "1/2-1/2"]
[WhiteElo "2109"]
[BlackElo "2371"]
[PlyCount "75"]
[EventDate "2025.03.16"]
[EventType "tourn"]
[EventRounds "9"]
[EventCountry "TUR"]
[SourceTitle "CB13_2025"]
[SourceDate "2025.03.26"]
[SourceVersion "1"]
[SourceVersionDate "2025.03.26"]
[SourceQuality "1"]

1. d4 d5 2. c4 e6 3. Nf3 Nd7 4. Nc3 Ngf6 5. cxd5 exd5 6. Bg5 Bb4 7. e3 c5 8. Bxf6 Qxf6 9. Rc1 c4 10. Be2 0-0 11. 0-0 Bxc3 12. bxc3 Re8 13. Nd2 Nb6 14. e4 dxe4 15. Nxc4 Nxc4 16. Bxc4 Be6 17. Bxe6 Qxe6 18. Qb3 Qd7 19. Rfd1 e3 20. fxe3 Rxe3 21. Re1 Qe7 22. Qb1 g6 23. Rxe3 Qxe3+ 24. Kh1 Rd8 25. h3 b5 26. Rd1 Rd5 27. Qd3 Qxd3 28. Rxd3 Kf8 29. Kg1 Ke7 30. Kf2 Rd6 31. Re3+ Kd7 32. Re5 a6 33. Ke3 f6 34. Re4 h5 35. Kd3 Rd5 36. Rf4 Ke6 37. Re4+ Kd7 38. Rf4 1/2-1/2

[Event "Izmir Arena IM 12"]
[Site "Izmir"]
[Date "2025.03.13"]
[Round "5"]
[White "Gagic, Milan A"]
[Black "Fedosov, Alexander"]
[Result "1/2-1/2"]
[WhiteElo "2309"]
[BlackElo "2109"]
[PlyCount "97"]
[EventDate "2025.03.11"]
[EventType "tourn"]
[EventRounds "9"]
[EventCountry "TUR"]
[SourceTitle "CB13_2025"]
[SourceDate "2025.03.26"]
[SourceVersion "1"]
[SourceVersionDate "2025.03.26"]
[SourceQuality "1"]

1. Nf3 Nf6 2. g3 e6 3. Bg2 Be7 4. 0-0 0-0 5. c4 d5 6. b3 c5 7. cxd5 Nxd5 8. d4 Nc6 9. Bb2 cxd4 10. Nxd4 Nxd4 11. Qxd4 Bf6 12. Qd2 Nf4 13. gxf4 Qxd2 14. Nxd2 Bxb2 15. Rad1 Bf6 16. Nc4 Rd8 17. b4 Kf8 18. b5 Rb8 19. a4 Rxd1 20. Rxd1 Ke7 21. e4 Bc3 22. e5 Bb4 23. Nd6 f6 24. Rd4 Bc5 25. Rd3 Bxd6 26. exd6+ Ke8 27. Rc3 Kd7 28. Rc7+ Kxd6 29. Rxg7 Bd7 30. Rxh7 a6 31. h4 axb5 32. axb5 Bxb5 33. Bxb7 Bd3 34. Rf7 Rg8+ 35. Kh2 Bg6 36. Rxf6 Ke7 37. Rxg6 Rxg6 38. f3 Kf6 39. Be4 Rh6 40. Kg3 Rh8 41. Kh3 Rh5 42. Kg4 Ra5 43. h5 Ra1 44. Kg3 Rh1 45. Bg6 Rg1+ 46. Kf2 Rh1 47. Kg2 Rh4 48. Kg3 Rh1 49. Kg2 1/2-1/2

[Event "Izmir Arena IM 12"]
[Site "Izmir"]
[Date "2025.03.12"]
[Round "4"]
[White "Fedosov, Alexander"]
[Black "Yildiz, Serdar Murat"]
[Result "1/2-1/2"]
[WhiteElo "2109"]
[BlackElo "2261"]
[PlyCount "116"]
[EventDate "2025.03.11"]
[EventType "tourn"]
[EventRounds "9"]
[EventCountry "TUR"]
[SourceTitle "CB13_2025"]
[SourceDate "2025.03.26"]
[SourceVersion "1"]
[SourceVersionDate "2025.03.26"]
[SourceQuality "1"]

1. e4 c5 2. Nf3 e6 3. d4 cxd4 4. Nxd4 Nc6 5. Nc3 Qc7 6. Be2 a6 7. Nxc6 bxc6 8. Qd3 Nf6 9. Qg3 Qxg3 10. hxg3 d5 11. g4 Bb4 12. Bd2 Bb7 13. g5 Nd7 14. a3 Be7 15. f4 Nc5 16. Bf3 f6 17. gxf6 Bxf6 18. 0-0-0 0-0-0 19. e5 Be7 20. Bg4 d4 21. Ne2 d3 22. Nc3 a5 23. Be3 Ba6 24. Rh3 dxc2 25. Rxd8+ Kxd8 26. Bxc5 Bxc5 27. Bxe6 Rf8 28. f5 Bd4 29. Kxc2 h6 30. Ne4 Bxe5 31. Nc5 Bc8 32. Rd3+ Kc7 33. g4 Bd6 34. Ne4 Be5 35. Bxc8 Kxc8 36. Nd6+ Kb8 37. Nc4 Bc7 38. Rd7 h5 39. Rxg7 hxg4 40. Rxg4 Rxf5 41. Kb3 Rc5 42. Ka4 Kb7 43. b3 Rd5 44. Re4 Rc5 45. b4 axb4 46. axb4 Rh5 47. Re7 Kc8 48. Re6 Kb7 49. Nd2 Re5 50. Rg6 Re2 51. Nc4 Re4 52. Kb3 Re7 53. Rg4 Rf7 54. Ka4 Re7 55. Nd2 Bb6 56. Ne4 Rd7 57. Nf6 Rf7 58. Rg6 Re7 1/2-1/2

[Event "Izmir Arena IM 12"]
[Site "Izmir"]
[Date "2025.03.12"]
[Round "3"]
[White "Krallis, Christos"]
[Black "Fedosov, Alexander"]
[Result "0-1"]
[WhiteElo "2383"]
[BlackElo "2109"]
[PlyCount "100"]
[EventDate "2025.03.11"]
[EventType "tourn"]
[EventRounds "9"]
[EventCountry "TUR"]
[SourceTitle "CB13_2025"]
[SourceDate "2025.03.26"]
[SourceVersion "1"]
[SourceVersionDate "2025.03.26"]
[SourceQuality "1"]

1. Nf3 Nf6 2. g3 e6 3. Bg2 Be7 4. 0-0 0-0 5. d3 d5 6. Nbd2 c5 7. e4 Nc6 8. Re1 b5 9. e5 Nd7 10. Nf1 Bb7 11. h4 Qc7 12. Bf4 Rfc8 13. h5 h6 14. g4 Qd8 15. Ng3 a5 16. Kh2 a4 17. a3 b4 18. Bh3 c4 19. d4 c3 20. bxc3 bxc3 21. Nf5 exf5 22. gxf5 f6 23. Rg1 Kh7 24. Rg3 fxe5 25. dxe5 Nf6 26. Qg1 Qf8 27. Rg6 Re8 28. Qg2 Nxe5 29. Nxe5 Bd6 30. Nd3 Ba6 31. Kh1 Bxd3 32. Bxd6 Be4 33. f3 Bxf3 34. Qxf3 Qxd6 35. Rag1 Ra7 36. Qxc3 Re2 37. R1g2 Rxg2 38. Rxg2 Rc7 39. Qe3 d4 40. Qg1 Qxa3 41. Rg3 Qc5 42. Rd3 Qd5+ 43. Bg2 Qxf5 44. Qxd4 Rxc2 45. Rh3 Rc1+ 46. Kh2 Re1 47. Bf3 a3 48. Rg3 Rb1 49. Qa7 Rb2+ 50. Kh1 Nxh5 0-1

[Event "Izmir Arena IM 12"]
[Site "Izmir"]
[Date "2025.03.11"]
[Round "1"]
[White "Fedosov, Alexander"]
[Black "Yonal, Timur"]
[Result "1/2-1/2"]
[WhiteElo "2109"]
[BlackElo "2224"]
[PlyCount "68"]
[EventDate "2025.03.11"]
[EventType "tourn"]
[EventRounds "9"]
[EventCountry "TUR"]
[SourceTitle "CB13_2025"]
[SourceDate "2025.03.26"]
[SourceVersion "1"]
[SourceVersionDate "2025.03.26"]
[SourceQuality "1"]

1. d4 d5 2. c4 e6 3. Nf3 Nf6 4. Nc3 a6 5. cxd5 exd5 6. Bg5 Be6 7. e3 Nbd7 8. Bd3 c6 9. 0-0 Bd6 10. Bf4 Qc7 11. Bxd6 Qxd6 12. h3 0-0 13. Qc2 h6 14. Rfc1 a5 15. Na4 Rfe8 16. Nc5 Qc7 17. a3 Nxc5 18. Qxc5 Nd7 19. Qc2 a4 20. Nd2 Qd6 21. Nb1 Ra5 22. Nc3 Rea8 23. Re1 c5 24. dxc5 Nxc5 25. Nb5 Qb6 26. Nd4 Rc8 27. Qd2 Nb3 28. Nxb3 axb3 29. Rac1 Rac5 30. Rxc5 Qxc5 31. Rd1 g6 32. Bb1 Qc4 33. Bd3 Qc5 34. Bb1 Qc4 1/2-1/2

[Event "CHN-RUS Youth rapid"]
[Site "Harbin"]
[Date "2024.11.04"]
[Round "3.2"]
[White "Fedosov, Alexander"]
[Black "Mu, Wangxueyao"]
[Result "1-0"]
[WhiteElo "2106"]
[BlackElo "2048"]
[PlyCount "131"]
[EventDate "2024.11.04"]
[EventType "schev (rapid)"]
[EventRounds "8"]
[EventCountry "CHN"]
[SourceTitle "CB45_2024"]
[Source "ChessBase"]
[SourceDate "2024.11.06"]
[SourceVersion "1"]
[SourceVersionDate "2024.11.06"]
[SourceQuality "1"]

1. d4 d5 2. Nf3 e6 3. c4 c5 4. cxd5 exd5 5. Nc3 Nc6 6. dxc5 d4 7. Na4 Bxc5 8. Nxc5 Qa5+ 9. Bd2 Qxc5 10. Rc1 Qd6 11. e3 dxe3 12. Bxe3 Qb4+ 13. Qd2 Qxd2+ 14. Nxd2 Nge7 15. Be2 0-0 16. 0-0 Nf5 17. Bc5 Rd8 18. Rfd1 Be6 19. Nc4 Ncd4 20. Bf1 Rac8 21. Bxd4 Rxd4 22. Na5 Rxd1 23. Rxd1 b6 24. Ba6 Rf8 25. Nc6 g6 26. b3 Re8 27. f3 Kg7 28. Kf2 h5 29. Rd2 Kf6 30. b4 Ne7 31. b5 Nxc6 32. bxc6 Bc8 33. Bc4 Be6 34. Bxe6 Rxe6 35. c7 Rc6 36. Rd6+ Rxd6 37. c8Q Rd2+ 38. Kg3 Rxa2 39. Qc3+ Ke7 40. h4 Ra5 41. Kf4 Rf5+ 42. Ke4 Rc5 43. Qb2 Kf8 44. Qf6 Kg8 45. Kd4 Ra5 46. Ke3 Rf5 47. Qe7 Ra5 48. g4 Kg7 49. Kf4 Ra4+ 50. Kg3 Ra5 51. Qc7 Kg8 52. Qc3 Rc5 53. Qa3 Ra5 54. Qd6 Kg7 55. Qe7 Kg8 56. Kf4 Kg7 57. Qd7 Kg8 58. Ke4 Kg7 59. Kd4 a6 60. Ke4 Rb5 61. Kf4 Rb4+ 62. Kg3 Rb5 63. Qc8 Ra5 64. Qb7 hxg4 65. Qxb6 Ra3 66. Qb2+ 1-0

[Event "Wch U12"]
[Site "Sharm El Sheikh"]
[Date "2023.10.17"]
[Round "2"]
[White "Fedosov, Alexander"]
[Black "Tudor, Henry Edward"]
[Result "1-0"]
[WhiteElo "1835"]
[BlackElo "2255"]
[PlyCount "118"]
[EventDate "2023.10.16"]
[EventType "swiss"]
[EventRounds "11"]
[EventCountry "EGY"]
[SourceTitle "EXT 2025"]
[Source "ChessBase"]
[SourceDate "2024.10.14"]
[SourceVersion "1"]
[SourceVersionDate "2024.10.14"]
[SourceQuality "1"]

1. d4 Nf6 2. Nf3 e6 3. g3 d5 4. Bg2 Be7 5. 0-0 0-0 6. c4 dxc4 7. Qa4 a6 8. Qxc4 b5 9. Qc2 Bb7 10. Bg5 Nbd7 11. Bxf6 Nxf6 12. Nbd2 Rc8 13. Nb3 c5 14. dxc5 Be4 15. Qc3 Nd7 16. Rfd1 Qc7 17. c6 Bxc6 18. Nfd4 Bxg2 19. Qxc7 Rxc7 20. Kxg2 Nb6 21. Rac1 Rfc8 22. Rxc7 Rxc7 23. Rc1 Nc4 24. e3 Bd6 25. Rb1 Be5 26. Kf3 Kf8 27. Ke2 Ke7 28. f4 Bf6 29. e4 e5 30. Nf5+ Ke6 31. Ne3 exf4 32. gxf4 Nxb2 33. e5 Na4 34. Nd4+ Kd7 35. exf6 Nc3+ 36. Kf2 Nxb1 37. fxg7 Rc8 38. Nd5 Kd6 39. Nf6 Nc3 40. g8Q Rxg8 41. Nxg8 Nxa2 42. Nf6 b4 43. Ke3 Nc3 44. Kd3 Nd5 45. Ne4+ Ke7 46. f5 Kd7 47. Kc4 Ne3+ 48. Kxb4 Ng4 49. h3 Ne5 50. Ka5 Nc6+ 51. Nxc6 Kxc6 52. Ng5 h5 53. Nxf7 Kd5 54. Kxa6 Ke4 55. Nh6 Ke5 56. Kb5 Kf6 57. Kc5 Kg5 58. Kd5 Kxh6 59. f6 Kh7 1-0